Introduzione alla filosofia morale, ed al diritto razionale... 2. ed. corretta, ampliata notabilmente, e ridotta quasi nuova

Gespeichert in:
Bibliographische Detailangaben
1. Verfasser: Catara Lettieri, Antonio.
Format: Buch
Sprache:Italienisch
Erschienen: Messina D'Amico 1872
Katalog:EDISCO:  Suchergebnis im Bibliothekskatalog
Schulbuchspezifische Eigenschaften:
Tags: Tag hinzufügen
Keine Tags, Fügen Sie den ersten Tag hinzu!
Hinzugefügt zu:30.04.2016
Geändert in:18.10.2017

MARC

LEADER 00000aam a22000007 4500
001 08075
003 OSt
005 20171018100539.0
008 160501s1872 it 000 0 ita
040 |c Gianfranco Bandini - Firenze - CLIO 
041 1 |a ita 
100 1 |a Catara Lettieri, Antonio. 
245 0 0 |a Introduzione alla filosofia morale, ed al diritto razionale... 2. ed. corretta, ampliata notabilmente, e ridotta quasi nuova 
260 |a Messina  |b D'Amico  |c 1872 
300 |a [4], 451, 1/x ;  
901 |a 7 
942 |2 ddc  |c BK 
546 |a ita 
999 |c 8064  |d 8064 
999 |c edisco:8064  |d 8064